| 000 | 00800nam a2200253 i 4500 | ||
|---|---|---|---|
| 001 | C2-0319086 | ||
| 003 | PPAK | ||
| 005 | 20180728114859.0 | ||
| 008 | 121017s2008 my a|||| ||||| | may d | ||
| 020 | _a9789679365191 | ||
| 040 |
_aPPAK _beng _cPPAK _erda |
||
| 082 | 0 | 4 |
_a634.04909595 _223 |
| 090 | 0 | 0 |
_a634.04909595 _bITH _dR |
| 100 | 0 |
_aIthnin Badri, _eauthor |
|
| 245 | 1 | 0 | _aSerangga perosak buah-buah tropika Malaysia |
| 264 | 1 |
_aKuala Lumpur : _bInstitut Penyelidikan dan Kemajuan Pertanian Malaysia (MARDI) , _c2008 |
|
| 300 |
_axiii, 260 pages : _bcolour illustrations ; _c24 cm |
||
| 336 |
_2rdacontent _atext |
||
| 337 |
_2rdamedia _aunmediated |
||
| 338 |
_2rdacarrier _avolume |
||
| 650 | 1 | 0 | _aTropical fruit - Diseases and Pests - Malaysia. |
| 700 | _eauthor | ||
| 942 |
_ddc _cB |
||
| 999 |
_c119957 _d119957 |
||